Decir verdades con cine : (Registro nro. 71032)
[ vista simple ]
| 000 -LEADER | |
|---|---|
| fixed length control field | 01310cam a2200325 i 4500 |
| 001 - CONTROL NUMBER | |
| control field | 71032 |
| 003 - CONTROL NUMBER IDENTIFIER | |
| control field | Mx-PuUPA |
| 005 - DATE AND TIME OF LATEST TRANSACTION | |
| control field | 20240607114639.0 |
| 008 - FIXED-LENGTH DATA ELEMENTS--GENERAL INFORMATION | |
| fixed length control field | 240607s2020 mx |||gr|||| 00| 0 spa d |
| 020 ## - INTERNATIONAL STANDARD BOOK NUMBER | |
| International Standard Book Number | 9786073036696 |
| 040 ## - CATALOGING SOURCE | |
| Original cataloging agency | Mx-PuUPA |
| Language of cataloging | spa |
| Transcribing agency | Mx-PuUPA |
| Modifying agency | Mx-PuUPA |
| Description conventions | rda |
| 041 1# - LANGUAGE CODE | |
| Language code of text/sound track or separate title | spa |
| Language code of original | eng |
| 100 1# - MAIN ENTRY--PERSONAL NAME | |
| Personal name | Nichols, Bill, |
| Dates associated with a name | 1942- |
| 9 (RLIN) | 3667 |
| Relator term | autor |
| 240 10 - UNIFORM TITLE | |
| Uniform title | Speaking truths with film. |
| Language of a work | Español |
| 245 10 - TITLE STATEMENT | |
| Title | Decir verdades con cine : |
| Remainder of title | evidencia, ética, política en documental / |
| Statement of responsibility, etc. | Bill Nichols ; Miguel Bustos García, traductor |
| 250 ## - EDITION STATEMENT | |
| Edition statement | Primera edición |
| 264 #1 - PRODUCTION, PUBLICATION, DISTRIBUTION, MANUFACTURE, AND COPYRIGHT NOTICE | |
| Place of production, publication, distribution, manufacture | Ciudad de México : |
| Name of producer, publisher, distributor, manufacturer | Universidad Nacional Autónoma de México : Escuela Nacional de Artes Cinematográficas, |
| Date of production, publication, distribution, manufacture, or copyright notice | ©2020 |
| 300 ## - PHYSICAL DESCRIPTION | |
| Extent | 339 páginas ; |
| Dimensions | 23 cm |
| 336 ## - CONTENT TYPE | |
| Fuente | rdacontent |
| Content type term | texto |
| Content type code | txt |
| 337 ## - MEDIA TYPE | |
| Source | rdamedia |
| Media type term | sin medio |
| Media type code | n |
| 338 ## - CARRIER TYPE | |
| Source | rdacarrier |
| Carrier type term | volumen |
| Carrier type code | nc |
| 490 0# - SERIES STATEMENT | |
| Series statement | Letras Fílmicas |
| 650 #7 - SUBJECT ADDED ENTRY--TOPICAL TERM | |
| Source of heading or term | armarc |
| Topical term or geographic name entry element | Películas documentales |
| General subdivision | Historia y crítica |
| 700 1# - ADDED ENTRY--PERSONAL NAME | |
| Personal name | Bustos García, Miguel, |
| Relator term | traductor |
| 765 0# - ORIGINAL LANGUAGE ENTRY | |
| Main entry heading | Nichols, Bill, 1942- |
| Place, publisher, and date of publication | Oakland : University Press, 2016 |
| Title | Speaking truths with film. |
| 942 ## - ADDED ENTRY ELEMENTS (KOHA) | |
| Source of classification or shelving scheme | Dewey Decimal Classification |
| Koha item type | Libro |
| Classification part | 070.18 |
| Item part | N582 |
| Withdrawn status | Lost status | Source of classification or shelving scheme | Damaged status | Not for loan | Collection code | Home library | Current library | Shelving location | Date acquired | Source of acquisition | Cost, normal purchase price | Total Checkouts | Full call number | Barcode | Date last seen | Cost, replacement price | Price effective from | Koha item type | Copy number |
|---|---|---|---|---|---|---|---|---|---|---|---|---|---|---|---|---|---|---|---|
| Dewey Decimal Classification | General | Biblioteca Karol Wojtyla | Biblioteca Karol Wojtyla | Sala general | 09/05/2024 | 1 | 440.00 | 070.18 N582 2020 | 104603 | 05/01/2026 | 440.00 | 09/05/2024 | Libro | ||||||
| Dewey Decimal Classification | General | Biblioteca Karol Wojtyla | Biblioteca Karol Wojtyla | Sala general | 09/05/2024 | 1 | 440.00 | 070.18 N582 2020 | 104604 | 05/01/2026 | 440.00 | 09/05/2024 | Libro | Ej.2 |